LDR 01217nam a2200229 i 4500 001 000000005334 003 CaOOAMICUS 005 20200306095734.0 008 180830s1829 it u000 u ita u 040 $aSeMil$bita 100 1 $aFleming, John,$d<1785-1857>.$0(OLS)http://semarc/name/89457 240 14$aThe philosophy of zoology; or A general view of the structure, functions, and classification of animals.$0(OLS)http://semarc/title/400785 245 10$aFilosofia zoologica, ossia Prospetto generale della struttura funzioni, e classificazioni degli animali. Del dottore Giovanni Fleming ... Traduzione dall'inglese. 264 1$aPavia :$bNella Stamperia Fusi e C.,$c1829. 300 $a3 v. ;$c8°. 500 $aNon posseduto il Vol. 2. parte 2. 650 4$aZoologia.$0(OLS)http://semarc/subject/3894 774 0 $tVol. 1.$w()110871 774 0 $tVol. 2. Parte 1.$w()255199 996 $6245$aFilosofia zoologica, ossia Prospetto generale della struttura funzioni, e classificazioni degli animali. Del dottore Giovanni Fleming ... Traduzione dall'inglese$9(OLS)http://semarc/title/400784 996 $6264$aPavia :$bNella Stamperia Fusi e C.$9(OLS)http://semarc/publisher/54621